Welcome to the Holygrace Academy Library

Please use search bar below to get started

BIRBAL, THE WISE (Record no. 5461)

MARC details
000 -LEADER
fixed length control field 00317nam a22001457a 4500
020 ## - INTERNATIONAL STANDARD BOOK NUMBER
ISBN 978-81-243-049-4
082 ## - DEWEY DECIMAL CLASSIFICATION NUMBER
Classification number 823
Item number BHA/B
100 ## - MAIN ENTRY--AUTHOR NAME
Personal name BHATT, BHASKERBHARI
245 ## - TITLE STATEMENT
Title BIRBAL, THE WISE
260 ## - PUBLICATION, DISTRIBUTION, ETC. (IMPRINT)
Name of publisher NAVANEET
300 ## - PHYSICAL DESCRIPTION
Number of Pages 31
520 ## - SUMMARY, ETC.
Summary, etc ENGLISH SHORT STORY
650 ## - SUBJECT ADDED ENTRY--TOPICAL TERM
Topical Term ENGLISH SHORT STORY
942 ## - ADDED ENTRY ELEMENTS (KOHA)
Koha item type Books
Holdings
Withdrawn status Lost status Collection code Home library Current library Shelving location Date acquired Source of acquisition Full call number Accession Number Koha item type
    Fiction Main Library Main Library SHELF 3- I- ENGLISH CHILDRENS LITERATURE &MYTHOLOGY 12/05/2011 PURCHASE 823 BHA/B 05889 Books